Altaic and Chagatay lectures studies in honour of Éva Kincses-Nagy

Elmentve itt :
Bibliográfiai részletek
További közreműködők: Zimonyi István
Dokumentumtípus: Könyv
Megjelent: Altajisztikai Tanszék Szeged 2021
Sorozat:Altaic and Chagatay lectures : studies in honour of Éva Kincses-Nagy
Kulcsszavak:Altajisztika - tanulmányok
Tárgyszavak:
Online Access:http://acta.bibl.u-szeged.hu/72839
LEADER 00787nam a2200205 i 4500
001 acta72839
005 20230328084626.0
008 210617s2021 hu o 0|| eng d
020 |a 978 963 306 794 9 
040 |a SZTE Egyetemi Kiadványok Repozitórium  |b hun 
041 |a eng 
245 0 0 |a Altaic and Chagatay lectures   |h [elektronikus dokumentum] :  |b studies in honour of Éva Kincses-Nagy 
260 |a Altajisztikai Tanszék  |b Szeged  |c 2021 
300 |a 495  |c 24 cm 
490 0 |a Altaic and Chagatay lectures : studies in honour of Éva Kincses-Nagy 
650 4 |a Bölcsészettudományok 
650 4 |a Nyelvek és irodalom 
695 |a Altajisztika - tanulmányok 
700 0 1 |a Zimonyi István 
856 4 0 |u http://acta.bibl.u-szeged.hu/72839/1/altaic_and_chagatay_lectures.pdf  |z Dokumentum-elérés